Tamils in Malaysia : problems in socio-economic development for an immigrant minority group /
Saved in:
| 主要作者: | |
|---|---|
| 格式: | Thesis 圖書 |
| 語言: | English |
| 出版: |
1983.
|
| 主題: | |
| 標簽: |
添加標簽
沒有標簽, 成為第一個標記此記錄!
|
| LEADER | 01035cam a2200277 4500 | ||
|---|---|---|---|
| 001 | u35408 | ||
| 003 | SIRSI | ||
| 008 | 841217s1983 us v 00 0 eng m | ||
| 035 | |a AAD-8123 | ||
| 040 | |a UMM | ||
| 043 | |a a-my--- | ||
| 050 | 1 | |a DS595.2.T36 | |
| 090 | |a DS595.2 |b T36Sup | ||
| 100 | 1 | 0 | |a Supernor, Dennis E. |q (Dennis Earl) |
| 245 | 1 | 0 | |a Tamils in Malaysia : |b problems in socio-economic development for an immigrant minority group / |c by Dennis E. Supernor. |
| 260 | |c 1983. | ||
| 300 | |a viii, 244 p. ; |c 21 cm | ||
| 500 | |a Photocopy. Ann Arbor, Mich : University Microfilms International, 1983. | ||
| 502 | |a Thesis (Ph.D.) -- Rice University, 1983 | ||
| 504 | |a Bibliography: p. 240-243 | ||
| 650 | 0 | |a Tamils |z Malaysia. | |
| 650 | 0 | |a Minorities |z Malaysia. | |
| 948 | |a 16/03/1991 |b 17/01/2003 | ||
| 596 | |a 1 | ||
| 999 | |a DS595.2 T36SUP |w LC |c 1 |i A002667350 |d 12/4/2002 |l STACKS |m P01UTAMA |n 16 |r Y |s Y |t TESIS |u 20/11/1991 | ||
| 999 | |a DS595.2 T36SUP |w LC |c 2 |i A509836431 |d 11/10/2022 |e 30/8/2022 |l STACKS |m P01UTAMA |n 23 |q 3 |r Y |s Y |t BUKU |u 17/1/2003 | ||
